000
00295nam a2200133Ia 4500
008
260604s9999 xx 000 0 und d
020
_a
9789387340251
082
_a
808.3 SHR
100
_a
Shree Book Centre
_9
35315
245
0
_a
Jadui Bartan
260
_b
SHREE
500
_a
Jadui
942
_c
BK
999
_c
8196
_d
8196